La vida en las aulas / (Record no. 58562)

MARC details
000 -CABECERA
campo de control de longitud fija 00628nam a2200205 a 4500
005 - FECHA Y HORA DE LA ÚLTIMA TRANSACCIÓN
campo de control 20240925065456.0
008 - ELEMENTOS DE LONGITUD FIJA--INFORMACIÓN GENERAL
campo de control de longitud fija 991125s1975 es 000 0 spa u
020 ## - NÚMERO INTERNACIONAL NORMALIZADO PARA LIBROS
Número Internacional Estándar del Libro 8426902960
035 ## - NÚMERO DE CONTROL DEL SISTEMA
Número de control de sistema UPN01000058562
049 ## - COLECCIÓN
Colección CG
050 #4 - SIGNATURA TOPOGRÁFICA DE LA BIBLIOTECA DEL CONGRESO
Número de clasificación LC191
Número de documento/Ítem J2.98
100 1# - ASIENTO PRINCIPAL--NOMBRE PERSONAL
Nombre de persona Jackson, Philip Wesley,
Fechas asociadas al nombre 1928-
9 (RLIN) 28926
245 13 - MENCIÓN DE TÍTULO
Título La vida en las aulas /
Mención de responsabilidad, etc. Philip W. Jackson ; tr. de Alfonso Gutiérrez.
260 ## - PUBLICACIÓN, DISTRIBUCIÓN, ETC.
Lugar de publicación, distribución, etc. Madrid :
Nombre del editor, distribuidor, etc. Marova,
Fecha de publicación, distribución, etc. 1975.
300 ## - DESCRIPCIÓN FÍSICA
Extensión 206 p.
440 #0 - MENCIÓN DE SERIE/ASIENTO SECUNDARIO--TÍTULO
Título Biblioteca del educador ;
Designación de volumen o secuencia 6
650 #4 - ASIENTO SECUNDARIO DE MATERIA - TERMINO TEMATICO
Término de materia o nombre geográfico como elemento de entrada Educación primaria
Subdivisión general Aspectos sociales
9 (RLIN) 18412
650 #4 - ASIENTO SECUNDARIO DE MATERIA - TERMINO TEMATICO
Término de materia o nombre geográfico como elemento de entrada Sociología de la educación
9 (RLIN) 4896
905 ## - TIPO DE MATERIAL
Tipo de material Libro
Holdings
Estado de retiro Estado de pérdida Fuente del sistema de clasificación o colocación Estado dañado No para préstamo Código de colección Localización permanente Ubicación/localización actual Ubicación en estantería Total de préstamos Clasificación Código de barras Fecha visto por última vez Número de copia Tipo de ítem Koha Fecha de adquisición Fecha del último préstamo
    Library of Congress Classification     Colección General Bib. Gregorio Torres Quintero Bib. Gregorio Torres Quintero Planta baja   LC191 J2.98 62135 31/12/2020 1 Libro    
    Library of Congress Classification     Colección General Bib. Gregorio Torres Quintero Bib. Gregorio Torres Quintero Planta baja 61 LC191 J2.98 85551 22/09/2021 1 Libro    
    Library of Congress Classification     Colección General Bib. Gregorio Torres Quintero Bib. Gregorio Torres Quintero Planta baja 2 LC191 J2.98 85550 12/09/2025 1 Libro 14/08/2024 12/09/2025